[Event "Brno Veletrh"]
[Site "?"]
[Date "2024.09.02"]
[Round "3"]
[White "Grausgruber, Jiri"]
[Black "Kanovsky, Vladimir"]
[Result "1-0"]
[WhiteElo "1765"]
[BlackElo "1578"]
[PlyCount "81"]
[EventDate "2024.09.??"]

1. Nf3 Nf6 2. c4 g6 3. Nc3 Nc6 4. e4 e5 5. d4 exd4 6. Nxd4 Bg7 7. Bg5 Ne7 8. e5
Nfg8 9. Qe2 h6 10. Bh4 g5 11. Bg3 c5 12. Ndb5 a6 13. Nd6+ Kf8 14. Qf3 f6 15.
Qh5 Ng6 16. Qxg6 Qe7 17. Nf5 Qf7 18. Qxg7+ Qxg7 19. Nxg7 Kxg7 20. Nd5 f5 21. f3
Rb8 22. O-O-O b6 23. Re1 f4 24. Bf2 Kf7 25. Bd3 Ne7 26. h4 Nxd5 27. cxd5 Bb7
28. e6+ dxe6 29. dxe6+ Ke7 30. Be4 Bxe4 31. Rxe4 Rhd8 32. b4 Rd5 33. bxc5 bxc5
34. Rd1 Rbd8 35. Rxd5 Rxd5 36. Kc2 Ke8 37. e7 Rd7 38. Bxc5 Rc7 39. Re5 gxh4 40.
Rf5 Kd7 41. Kd3 1-0

[Event "Brno Veletrh"]
[Site "?"]
[Date "2024.09.02"]
[Round "3"]
[White "Krasovskyi, Stanislav"]
[Black "Slegl, Milan"]
[Result "1-0"]
[WhiteElo "1544"]
[BlackElo "1699"]
[PlyCount "115"]
[EventDate "2024.09.??"]

1. e4 c6 2. c4 e6 3. Nf3 d5 4. cxd5 exd5 5. exd5 cxd5 6. Qa4+ Bd7 7. Bb5 Qe7+
8. Kd1 Qd6 9. Re1+ Be7 10. Bxd7+ Qxd7 11. Qxd7+ Nxd7 12. Nc3 Ngf6 13. Ne5 a6
14. d4 Nb6 15. Bg5 h6 16. Bxf6 gxf6 17. Ng4 Kd7 18. Ne3 Bb4 19. Rc1 Rac8 20.
Ng4 Rc6 21. a3 Be7 22. Ne3 Rhc8 23. Nf5 Bf8 24. Kd2 Re6 25. Ne3 Nc4+ 26. Nxc4
dxc4 27. Nd5 Rec6 28. Re3 Re8 29. Rec3 b5 30. R1c2 Re4 31. Ne3 Rxd4+ 32. Ke2
Ke6 33. b3 Bxa3 34. bxc4 b4 35. Rb3 Rc5 36. Ra2 a5 37. Nc2 Re5+ 38. Re3 Rxc4
39. Nxa3 Rxe3+ 40. fxe3 bxa3 41. Rxa3 a4 42. Kd3 Kd5 43. g3 Kc5 44. e4 Kb4 45.
Rxa4+ Kxa4 46. Kxc4 Ka5 47. Kc5 Ka6 48. Kd6 Kb5 49. Ke7 Kc5 50. Kxf6 Kd4 51. e5
Ke4 52. Kxf7 Kxe5 53. Kg6 h5 54. Kxh5 Kf6 55. Kh6 Kf7 56. g4 Kg8 57. g5 Kh8 58.
g6 1-0

[Event "Brno Veletrh"]
[Site "?"]
[Date "2024.09.02"]
[Round "3"]
[White "Pesa, Marek"]
[Black "Kotisa, Jan"]
[Result "1/2-1/2"]
[WhiteElo "1738"]
[BlackElo "1688"]
[PlyCount "72"]
[EventDate "2024.09.??"]

1. e4 e5 2. Nf3 Nf6 3. Nc3 Bb4 4. Bc4 O-O 5. O-O d6 6. d3 h6 7. h3 Nc6 8. Be3
Na5 9. Bb3 Nxb3 10. axb3 Bxc3 11. bxc3 b6 12. Nh2 d5 13. exd5 Nxd5 14. Ng4 Nxe3
15. fxe3 Qg5 16. Qf3 Bxg4 17. hxg4 a5 18. c4 Rae8 {(R)} 19. Qg3 f5 20. Ra4 c5
21. c3 Qxg4 22. Qxg4 fxg4 23. b4 Rxf1+ 24. Kxf1 axb4 25. cxb4 Rf8+ 26. Ke1 Rd8
27. Ke2 e4 28. dxe4 Re8 29. bxc5 bxc5 30. Ra5 Re5 31. Kf2 g5 32. Ra6 Kg7 33.
Rc6 h5 34. Kg3 {(R)} Kf7 35. Rc7+ Ke6 36. Rc6+ Kf7 1/2-1/2

[Event "Brno Veletrh"]
[Site "?"]
[Date "2024.09.02"]
[Round "3"]
[White "Svabova, Klara"]
[Black "Bata, Jiri"]
[Result "0-1"]
[WhiteElo "1220"]
[BlackElo "1658"]
[PlyCount "54"]
[EventDate "2024.09.??"]

1. e4 e5 2. Nf3 Nf6 3. Nxe5 d6 4. Nf3 Nxe4 5. d4 d5 6. Bd3 Bd6 7. c4 c6 8. O-O
O-O 9. Nbd2 f5 10. Qb3 Kh8 11. Qc2 b6 12. cxd5 cxd5 13. Nb3 Bb7 14. Nfd2 Qh4
15. Nf3 Qh5 16. h3 Nc6 17. Qe2 Qf7 18. Bb5 Rae8 19. Qd1 Re6 20. Ng5 Nxg5 21.
Bxg5 f4 22. Bh4 Rh6 23. Bg3 fxg3 24. fxg3 Rf6 25. Rxf6 Qxf6 26. Rc1 Qf2+ 27.
Kh1 Qxg3 0-1

[Event "Brno Veletrh"]
[Site "?"]
[Date "2024.09.02"]
[Round "3"]
[White "Klimus, Radek"]
[Black "Svagr, Daniel"]
[Result "0-1"]
[WhiteElo "1472"]
[BlackElo "1752"]
[PlyCount "95"]
[EventDate "2024.09.??"]

1. e4 c5 2. Nf3 Nc6 3. Nc3 e6 4. Bc4 Nf6 5. d3 d5 6. Bb3 Be7 7. O-O O-O 8. Bg5
d4 9. Ne2 e5 10. h3 h6 11. Bh4 Qd6 12. Bg3 b5 13. c3 Be6 14. Bxe6 Qxe6 15. Qb3
c4 16. Qxb5 Rab8 17. Qxc4 Qxc4 18. dxc4 Rxb2 19. Nc1 dxc3 20. Re1 Rd8 21. Bxe5
Nxe5 22. Nxe5 Rd4 23. Nc6 Rxe4 24. Rxe4 Nxe4 25. Nxe7+ Kf8 26. Nd5 c2 27. Ne3
f5 28. Nxc2 Rxc2 29. f3 Ng3 30. Nb3 Rxc4 31. Kf2 f4 32. Rc1 Rxc1 33. Nxc1 Ke7
34. Ne2 Nxe2 35. Kxe2 Ke6 36. Kd2 Kd6 37. Kc2 Kc5 38. Kc3 g5 39. a3 a5 40. Kb3
Kb5 41. a4+ Kc5 42. Kc3 h5 43. Kd3 Kb4 44. Ke4 Kxa4 45. Kf5 Kb3 46. Kxg5 a4 47.
Kf6 a3 48. g4 0-1

[Event "Brno Veletrh"]
[Site "?"]
[Date "2024.09.02"]
[Round "3"]
[White "Poruban, Tomas"]
[Black "Peska, Radek"]
[Result "1-0"]
[WhiteElo "1558"]
[BlackElo "1415"]
[PlyCount "95"]
[EventDate "2024.09.??"]

1. d4 d6 2. Nf3 Nf6 3. Bg5 g6 4. e3 Bg7 5. Bd3 O-O 6. h3 c5 7. O-O Nc6 8. Bxf6
Bxf6 9. c3 cxd4 10. cxd4 Re8 11. Nc3 a6 12. a3 d5 13. b4 b5 14. Qc2 Bb7 15. Qb3
e6 16. a4 bxa4 17. Nxa4 Be7 18. Nc5 a5 19. Nxb7 Qb6 20. Nc5 Nxb4 21. Ne5 Bxc5
22. Nd7 Qc7 23. Nxc5 Reb8 24. Qc3 e5 25. Be2 e4 26. Rfc1 Rc8 27. Qb3 Qe7 28.
Ra4 Rcb8 29. Qa3 Qd8 30. Nb3 Rc8 31. Rxc8 Qxc8 32. Rxa5 Rxa5 33. Qxa5 Qc2 34.
Qxb4 Qxe2 35. Qd2 Qb5 36. Nc5 Qb1+ 37. Kh2 Qb8+ 38. g3 h5 39. h4 f5 40. Qa2 Qd6
41. Qa8+ Kg7 42. Qb7+ Kh6 43. Qd7 Qxd7 44. Nxd7 Kg7 45. Nb6 Kf7 46. Nxd5 Ke6
47. Nf4+ Kf6 48. d5 1-0

[Event "Brno Veletrh"]
[Site "?"]
[Date "2024.09.02"]
[Round "3"]
[White "Berdnikov, Tsyren"]
[Black "Svoboda, Jakub"]
[Result "1-0"]
[WhiteElo "1422"]
[BlackElo "1550"]
[PlyCount "59"]
[EventDate "2024.09.??"]

1. e4 c6 2. d4 d5 3. exd5 cxd5 4. c4 Nf6 5. Nc3 Nc6 6. Bg5 Ne4 7. Nxe4 dxe4 8.
d5 Ne5 9. Be2 Qc7 10. Qd4 Bf5 11. Bf4 Qa5+ 12. Bd2 Qc7 13. c5 Rd8 14. Bb5+ Nd7
15. Ne2 e5 16. d6 exd4 17. dxc7 Rc8 18. Nxd4 Bg6 19. Bf4 Bxc5 20. Nb3 Bb4+ 21.
Kf1 Bh5 22. a3 Be7 23. h3 a6 24. Bxd7+ Kxd7 25. g4 Bg6 26. Rd1+ Ke8 27. Na5 e3
28. f3 Bc2 29. Rd5 Ba4 30. Kg2 {a bílý vyhrál ve 44. tahu. Odtud oba
partiáře chybně psané. Pozn. JK.} 1-0

[Event "Brno Veletrh"]
[Site "?"]
[Date "2024.09.02"]
[Round "3"]
[White "Pecenka, Petr"]
[Black "Cagan, Michal"]
[Result "1-0"]
[WhiteElo "1495"]
[BlackElo "1504"]
[PlyCount "141"]
[EventDate "2024.09.??"]

1. d4 Nf6 2. c4 g6 3. Nc3 Bg7 4. e4 d6 5. f3 O-O 6. Be3 e5 7. d5 Nbd7 8. Qd2
Re8 9. Bh6 Bh8 10. h4 Nh5 11. Nge2 Bf6 12. Bg5 Nb6 13. b3 c6 14. g4 Ng7 15. Bg2
cxd5 16. Bxf6 Qxf6 17. Nxd5 Nxd5 18. Qxd5 Qe7 19. O-O-O Rd8 20. Ng3 Be6 21. Qd2
Rac8 22. Kb2 b6 23. h5 a5 24. hxg6 fxg6 25. Qh6 Kf7 26. Rdf1 a4 27. f4 Ke8 28.
Qxh7 a3+ 29. Kxa3 d5+ 30. Kb2 dxc4 31. Qxg6+ Kd7 32. Rh7 c3+ 33. Kc2 Rg8 34.
fxe5 Kc6 35. Rf6 Qd7 36. Nf1 Rcd8 37. Rxe6+ Qxe6 38. Rh6 Qxg6 39. Rxg6+ Kc5 40.
Kxc3 Rde8 41. Ne3 Ne6 42. Rf6 Rg5 43. Rf5 Rxf5 44. exf5 Nf4 45. e6 Nxg2 46.
Nxg2 Kd6 47. Kd4 b5 48. Nf4 Rg8 49. Ng6 Rg7 50. e7 Kd7 51. Kc5 Rg8 52. Kxb5
Rb8+ 53. Kc5 Rc8+ 54. Kd5 Rc2 55. f6 Rf2 56. g5 Rf5+ 57. Ke4 Rxg5 58. f7 Rxg6
59. e8=Q+ Kc7 60. f8=Q Rg4+ 61. Ke5 Rg5+ 62. Qf5 Rxf5+ 63. Kxf5 Kd6 64. Qe6+
Kc7 65. Ke5 Kb7 66. Qd6 Ka7 67. Qb4 Ka6 68. Kd5 Ka7 69. Kc5 Ka8 70. Kc6 Ka7 71.
Qb7# 1-0

[Event "Brno Veletrh"]
[Site "?"]
[Date "2024.09.03"]
[Round "4"]
[White "Svobodova, Michaela"]
[Black "Vyskocil, Neklan"]
[Result "0-1"]
[WhiteElo "1928"]
[BlackElo "2289"]
[PlyCount "112"]
[GameId "2085811775976055"]
[EventDate "2024.09.??"]

1. e4 c5 2. Nf3 d6 3. Bb5+ Nd7 4. a4 a6 5. Be2 Ngf6 6. Nc3 g6 7. O-O Bg7 8. a5 O-O 9. d3 Qc7 10. Nd2 b5 11. axb6 Nxb6 12. Nc4 Nxc4 13. dxc4 Bb7 14. f3 Bc6 15. Be3 Rfb8 16. Ra2 Qb7 17. Qd2 Qb4 18. Rfa1 Nd7 19. Nd1 Qb7 20. Qa5 Nf8 21. c3 Nd7 22. Bc1 Ne5 23. Ne3 e6 24. Bd2 Be8 25. Rd1 Nc6 26. Qa3 a5 27. Bc1 Bf8 28. Ng4 Be7 29. Ra1 h5 30. Ne3 a4 31. Bd3 Na5 32. e5 dxe5 33. Be4 Bc6 34. Bxc6 Nxc6 35. Qa2 Na5 36. Nc2 Nb3 37. Rb1 Rd8 38. Be3 Qc7 39. Na3 Rxd1+ 40. Rxd1 Rd8 41. Qb1 Rd7 42. Nb5 Qd8 43. Rxd7 Qxd7 44. h3 f5 45. Kh2 Kg7 46. Qa2 Qd3 47. Qxa4 Qxe3 48. Qxb3 Qf4+ 49. Kh1 Qc1+ 50. Kh2 Bg5 51. Nc7 Bf4+ 52. g3 Qd2+ 53. Kh1 Qe1+ 54. Kg2 Qe2+ 55. Kh1 Qxf3+ 56. Kg1 Be3+ 0-1

[Event "Brno Veletrh"]
[Site "?"]
[Date "2024.09.03"]
[Round "4"]
[White "Hajek, Oskar"]
[Black "Pribyl, Rene"]
[Result "1-0"]
[WhiteElo "2281"]
[BlackElo "1944"]
[PlyCount "57"]
[EventDate "2024.09.??"]

1. e4 e5 2. Nf3 Nf6 3. d4 Nxe4 4. Bd3 d5 5. Nxe5 Nd7 6. Nxd7 Bxd7 7. O-O Be6 8.
c4 Nf6 9. c5 Be7 10. Bf4 O-O 11. Nd2 c6 12. h3 Re8 13. Re1 b6 14. b4 a5 15. a3
axb4 16. axb4 b5 17. Qc2 g6 18. Rxa8 Qxa8 19. Bg5 Kg7 20. Nf3 Qa3 21. Qd2 Ng8
22. Bf4 Bf6 23. Ne5 Ne7 24. g4 Ra8 25. Nf3 Kg8 26. Bg5 Kg7 27. Bxf6+ Kxf6 28.
Qg5+ Kg7 29. Rxe6 1-0

[Event "Brno Veletrh"]
[Site "?"]
[Date "2024.09.03"]
[Round "4"]
[White "Kladnak, Martin"]
[Black "Novotny, David"]
[Result "1/2-1/2"]
[WhiteElo "2054"]
[BlackElo "1967"]
[PlyCount "56"]
[EventDate "2024.09.??"]

1. e4 c5 2. Nc3 d6 3. Bb5+ Bd7 4. Bxd7+ Qxd7 5. f4 g6 6. Nf3 Bg7 7. O-O Nc6 8.
d3 f5 9. Re1 Nf6 10. Nd5 O-O 11. c3 fxe4 12. dxe4 Rad8 13. Qb3 Kh8 14. Qc2 Nh5
15. g3 e5 16. Qg2 exf4 17. Bxf4 Nxf4 18. Nxf4 Bh6 19. Nd5 Qg4 20. Nh4 Bg5 21.
Qe2 Qxe2 22. Rxe2 Bxh4 23. gxh4 Ne5 24. Kg2 {(R)} h5 25. Rf1 Rxf1 26. Kxf1 Nf3
27. Rf2 Nxh4 28. Rf7 Kg8 {(R)} 1/2-1/2

[Event "Brno Veletrh"]
[Site "?"]
[Date "2024.09.03"]
[Round "4"]
[White "Setina, Vaclav"]
[Black "Luc, Martin"]
[Result "1/2-1/2"]
[WhiteElo "2021"]
[BlackElo "1822"]
[PlyCount "34"]
[EventDate "2024.09.??"]

1. e4 c5 2. c3 Nf6 3. e5 Nd5 4. d4 cxd4 5. cxd4 d6 6. exd6 Qxd6 7. Nc3 g6 8.
Nf3 Bg7 9. Qb3 e6 10. Bc4 O-O 11. O-O Nc6 12. Nb5 Qd8 13. Bxd5 Qxd5 14. Qxd5
exd5 {(R)} 15. Re1 Nb4 16. Rd1 Bg4 17. Bf4 Rfd8 {(R)} 1/2-1/2

[Event "Brno Veletrh"]
[Site "?"]
[Date "2024.09.03"]
[Round "4"]
[White "Marsa, Alexandr"]
[Black "Vacekova, Anita"]
[Result "1-0"]
[WhiteElo "1971"]
[BlackElo "1747"]
[PlyCount "90"]
[EventDate "2024.09.??"]

1. d4 Nf6 2. c4 g6 3. Nc3 d5 4. Bf4 Bg7 5. e3 O-O 6. Qb3 c6 7. Nf3 Qb6 8. Qxb6
axb6 9. cxd5 cxd5 10. Bc7 Na6 11. Bxb6 Nb4 12. Rc1 Bf5 13. a3 Nd3+ 14. Bxd3
Bxd3 15. Kd2 Bf5 16. Bc5 Rfe8 17. Ne5 Rad8 18. f3 Nd7 19. Nxd7 Rxd7 20. g4 Be6
21. Kd3 f6 22. Nb5 Bf7 23. Bb6 e5 24. Rc3 e4+ 25. fxe4 dxe4+ 26. Kd2 h6 27.
Rhc1 f5 28. gxf5 gxf5 29. Rc7 Ree7 30. Rxd7 Rxd7 31. Rc8+ Kh7 32. Rc7 Rxc7 33.
Bxc7 Kg6 34. Nc3 Kg5 35. b4 Kg4 36. Ke2 Bf6 37. Kf2 Be7 38. Be5 Kg5 39. Ne2 Kg4
40. Kg2 Kg5 41. Nf4 h5 42. d5 Bd8 43. a4 Bb6 44. Kf2 Be8 45. a5 Bd8 {A bílý
vyhrál v 60. tahu. Odtud oba partiáře zmatené. JK.} 1-0

[Event "Brno Veletrh"]
[Site "?"]
[Date "2024.09.03"]
[Round "4"]
[White "Sknouril, Jakub"]
[Black "Pokorny, Petr"]
[Result "1-0"]
[WhiteElo "1771"]
[BlackElo "2140"]
[PlyCount "45"]
[EventDate "2024.09.??"]

1. e4 e5 2. Nc3 Nf6 3. f4 d5 4. fxe5 Nxe4 5. Nf3 Bc5 6. d4 Bb4 7. Bd2 c5 8.
Nxe4 dxe4 9. Bxb4 cxb4 10. Ng1 Nc6 11. c3 Qg5 12. Qd2 e3 13. Qe2 Bg4 14. Nf3
Qf4 15. Qd1 O-O 16. Be2 f6 17. O-O fxe5 18. Qb3+ Kh8 19. Nxe5 Bxe2 20. Rxf4
Rxf4 21. Nf7+ Kg8 22. Ng5+ Kh8 23. Qc2 1-0

[Event "Brno Veletrh"]
[Site "?"]
[Date "2024.09.03"]
[Round "4"]
[White "Pavlik, Vladimir"]
[Black "Mikolas, Jakub"]
[Result "1-0"]
[WhiteElo "1975"]
[BlackElo "1766"]
[PlyCount "69"]
[EventDate "2024.09.??"]

1. e4 c5 2. Nf3 Nc6 3. d4 cxd4 4. Nxd4 Nf6 5. Nc3 e5 6. Ndb5 d6 7. Nd5 Nxd5 8.
exd5 Nb8 9. Bd3 Be7 10. c4 O-O 11. O-O f5 12. Qe2 Nd7 13. Bd2 e4 14. Bc2 Ne5
15. Bc3 Bf6 16. Nd4 Qc7 17. Bb3 Qc5 18. Kh1 Bd7 19. f3 Ng6 20. Rad1 Rae8 21. f4
e3 22. g3 Re4 23. Nf3 Rxf4 24. Bb4 Qb6 25. gxf4 Nxf4 26. c5 Qxb4 27. Qxe3 Re8
28. Qd2 Qe4 29. Rde1 Ne2 30. Rf2 Bb5 31. Bd1 Bh4 32. Bc2 Qg4 33. Nxh4 Ng3+ 34.
hxg3 Qh3+ 35. Rh2 1-0

[Event "Brno Veletrh"]
[Site "?"]
[Date "2024.09.03"]
[Round "4"]
[White "Wunsch, Radek"]
[Black "Grausgruber, Jiri"]
[Result "0-1"]
[WhiteElo "1956"]
[BlackElo "1765"]
[PlyCount "126"]
[GameId "2085635559944855"]
[EventDate "2024.09.??"]

1. e4 c5 2. Nf3 e6 3. b3 Qc7 4. Bb2 d6 5. d4 cxd4 6. Nxd4 a6 7. c4 Nf6 8. Nc3 Nbd7 9. Rc1 b6 10. g3 Bb7 11. Bg2 Be7 12. O-O O-O 13. f4 Rac8 14. f5 e5 15. Nc2 b5 16. cxb5 Qb6+ 17. Kh1 axb5 18. Nb4 Qa5 19. a3 Nc5 20. Nbd5 Nxd5 21. Nxd5 Bxd5 22. b4 Qa8 23. exd5 Nd7 24. Qd3 Qb8 25. Rfd1 Nf6 26. Bf1 Rxc1 27. Rxc1 Qb6 28. Qxb5 Qf2 29. Qe2 Qxf5 30. Bg2 Rc8 31. Rxc8+ Qxc8 32. a4 Qb7 33. Qc4 Qb6 34. a5 Qf2 35. Bc3 e4 36. Bxf6 Qe1+ 37. Bf1 gxf6 38. a6 Qe3 39. Qe2 Qd4 40. Qg4+ Kf8 41. Qc8+ Kg7 42. Qc4 Qf2 {(R)} 43. Qe2 Qd4 44. Bg2 f5 45. b5 Bd8 46. h4 Bb6 47. Qf1 Qf2 48. Qxf2 Bxf2 49. Bh3 Kf6 50. Kg2 Bc5 51. Kf1 Ke5 52. Ke2 f4 53. gxf4+ Kxf4 54. Bd7 Ke5 55. Be8 f5 56. Bf7 f4 57. Bg8 h6 58. Bf7 f3+ 59. Kf1 Kf5 60. Be6+ Kf4 61. h5 Kg3 62. Bf5 e3 63. Bd3 e2+ 0-1

[Event "Brno Veletrh"]
[Site "?"]
[Date "2024.09.03"]
[Round "4"]
[White "Bata, Jiri"]
[Black "Neduchal, Jiri"]
[Result "0-1"]
[WhiteElo "1658"]
[BlackElo "1866"]
[PlyCount "70"]
[EventDate "2024.09.??"]

1. e4 b6 2. d4 Bb7 3. Bd3 e6 4. Nf3 Nf6 5. Qe2 d5 6. e5 Nfd7 7. O-O Be7 8. c3
c5 9. Be3 Nc6 10. Nbd2 Qc7 11. Rac1 c4 12. Bb1 b5 13. Ng5 g6 14. Qf3 Bxg5 15.
Bxg5 h6 16. Qh3 Ne7 17. Qh4 Nf5 18. Qh3 Rf8 19. g4 hxg5 20. gxf5 gxf5 21. Bxf5
exf5 22. Qxf5 O-O-O 23. Rfe1 Rde8 24. Re3 Kb8 25. Rce1 Re6 26. Rh3 Qd8 27. Rh7
Qe8 28. Nf3 Bc8 29. Kh1 Nf6 30. Rg7 Ne4 31. Nxg5 Rg6 32. e6 Rxg5 33. Rxg5 Nxg5
34. Qxg5 fxe6 35. Re5 Qf7 0-1

[Event "Brno Veletrh"]
[Site "?"]
[Date "2024.09.03"]
[Round "4"]
[White "Krasovskyi, Stanislav"]
[Black "Rehurek, Karel"]
[Result "0-1"]
[WhiteElo "1544"]
[BlackElo "1851"]
[PlyCount "84"]
[EventDate "2024.09.??"]

1. e4 e5 2. Nf3 Nc6 3. Nc3 Nf6 4. d4 exd4 5. Nxd4 Bc5 6. Nxc6 bxc6 7. Bd3 h6 8.
O-O O-O 9. Qf3 Nh7 10. Qg3 Kh8 11. e5 d6 12. Ne4 Bb6 13. exd6 cxd6 14. Qxd6
Qxd6 15. Nxd6 Be6 16. Bf4 Nf6 17. Rad1 Rad8 18. Nc4 Nd5 19. Bg3 Nb4 20. Nxb6
axb6 21. Bc7 Ra8 22. Bd6 Nxd3 23. Bxf8 Nxb2 24. Rb1 Nc4 25. Be7 Rxa2 26. Rfc1
Bf5 27. Rb4 b5 28. c3 Nb6 29. Rf4 Be6 30. Bc5 Nd5 31. Rh4 Nxc3 32. Re1 Rc2 33.
Ra1 Ne2+ 34. Kf1 Bc4 35. Ke1 Nc3 36. Ra8+ Kh7 37. Re8 Be6 38. Bb4 Re2+ 39. Kf1
Rc2 40. Rh5 Ne4 41. f3 Bc4+ 42. Ke1 Rc1# 0-1

[Event "Brno Veletrh"]
[Site "?"]
[Date "2024.09.03"]
[Round "4"]
[White "Kuchar, Matej"]
[Black "Kubatova, Ema"]
[Result "1/2-1/2"]
[WhiteElo "2048"]
[BlackElo "1650"]
[PlyCount "102"]
[EventDate "2024.09.??"]

1. e4 c6 2. d4 d5 3. e5 Bf5 4. c4 e6 5. Nc3 Bb4 6. Qb3 Bxc3+ 7. bxc3 Qd7 8. Nf3
Ne7 9. a4 O-O 10. a5 Na6 11. Ba3 Rfd8 12. cxd5 exd5 13. Bxa6 bxa6 14. O-O Rab8
15. Qd1 Rb5 16. e6 Bxe6 17. Ne5 Qc7 18. Bxe7 Qxe7 19. Nxc6 Qc7 20. Nxd8 Qxd8
21. h3 Rxa5 22. Qb3 g6 23. Rfb1 Rb5 24. Qa3 Rxb1+ 25. Rxb1 Qc8 26. Qd6 Kg7 27.
Rb8 Qxc3 28. Qf8+ Kf6 29. Qh8+ Kg5 30. Qe5+ Bf5 31. Rb7 Qc1+ {(r)} 32. Kh2 Qf4+
33. Qxf4+ Kxf4 34. g4 Be6 35. Rxa7 Ke4 36. Kg3 Kxd4 37. Kf3 Kd3 38. Rxa6 Kc3
39. Ke3 d4+ 40. Ke4 f5+ 41. Ke5 Bc4 42. Ra3+ Bb3 43. Rxb3+ Kxb3 {(R)} 44. Kxd4
fxg4 45. hxg4 h5 46. gxh5 gxh5 47. Ke4 Kc4 48. Kf4 Kd4 49. Kg5 Ke4 50. f4 h4
51. Kxh4 Kxf4 1/2-1/2

[Event "Brno Veletrh"]
[Site "?"]
[Date "2024.09.03"]
[Round "4"]
[White "Kubatova, Beta"]
[Black "Klinkovsky, Vojtech"]
[Result "1-0"]
[WhiteElo "1775"]
[BlackElo "1699"]
[PlyCount "41"]
[EventDate "2024.09.??"]

1. d4 Nf6 2. c4 c5 3. Nf3 cxd4 4. Nxd4 e5 5. Nf3 Nc6 6. Nc3 Bc5 7. e3 O-O 8.
Bd3 Re8 9. Bc2 d6 10. h3 Be6 11. b3 Bb4 12. Bd2 d5 13. cxd5 Nxd5 14. Nxd5 Bxd5
15. Bxb4 Nxb4 16. e4 Rc8 17. Bb1 Bxb3 18. axb3 Qf6 19. O-O g5 20. Qd2 g4 21.
hxg4 1-0

[Event "Brno Veletrh"]
[Site "?"]
[Date "2024.09.03"]
[Round "4"]
[White "Kotisa, Jan"]
[Black "Horak, Hanus"]
[Result "1-0"]
[WhiteElo "1688"]
[BlackElo "1624"]
[PlyCount "71"]
[EventDate "2024.09.??"]

1. e4 d6 2. d4 Nf6 3. Nc3 g6 4. f4 Bg7 5. Nf3 c5 6. Be3 cxd4 7. Bxd4 Nc6 8. Be3
Bd7 9. Bd3 Qc7 10. Qe2 a6 11. a3 b5 12. O-O O-O 13. Nd5 Nxd5 14. exd5 Na5 15.
Bd4 Rac8 16. Bxg7 Kxg7 17. Qxe7 Rfe8 18. Qg5 Nc4 19. f5 Ne5 20. f6+ Kh8 21. Qh6
Nxf3+ 22. Rxf3 Rg8 23. Rf4 Qc5+ 24. Kf1 Qe3 25. Re1 Qd2 26. Rh4 Qxh6 27. Rxh6
Rge8 28. Rh4 Rxe1+ 29. Kxe1 Re8+ 30. Re4 Rxe4+ 31. Bxe4 h5 32. Bd3 Kh7 33. c4
bxc4 34. Bxc4 Bb5 35. Bxb5 axb5 36. b3 1-0

[Event "Brno Veletrh"]
[Site "?"]
[Date "2024.09.03"]
[Round "4"]
[White "Daniel, Antonin"]
[Black "Pesa, Marek"]
[Result "0-1"]
[WhiteElo "1648"]
[BlackElo "1738"]
[PlyCount "88"]
[EventDate "2024.09.??"]

1. e4 e5 2. Nf3 Nc6 3. a3 Bc5 4. Nc3 d6 5. h3 Be6 6. d3 h6 7. Be2 Qd7 8. Na4
Bb6 9. Nxb6 axb6 10. Be3 Nge7 11. Nh2 O-O 12. O-O f5 13. f4 Rf6 14. fxe5 dxe5
15. exf5 Nxf5 16. Qd2 Raf8 17. Bg4 Ncd4 18. Bxd4 Qxd4+ 19. Qf2 Qxb2 20. c4 Qc3
21. Qf3 Qd4+ 22. Kh1 b5 23. Bxf5 Bxf5 24. Qxb7 Bxd3 25. Rfd1 bxc4 26. Rac1 Rf2
27. Ng4 Rb2 28. Rxc4 Rxb7 29. Rxd4 exd4 30. Rxd3 c5 31. Ne5 Rfb8 32. Nc4 Rb3
33. Rd2 Rc3 34. Na5 Rxa3 35. Nc6 Rb6 36. Ne7+ Kh7 37. Rf2 d3 38. h4 Rb4 39. g3
Rc4 40. h5 Ra1+ 41. Kg2 Rc2 42. Ng6 Rxf2+ 43. Kxf2 d2 44. Nf8+ Kg8 0-1

[Event "Brno Veletrh"]
[Site "?"]
[Date "2024.09.03"]
[Round "4"]
[White "Carbonai, Gabriele"]
[Black "Lisik, Miroslav"]
[Result "0-1"]
[WhiteElo "1543"]
[BlackElo "1855"]
[PlyCount "58"]
[EventDate "2024.09.??"]

1. e4 c5 2. Nf3 d6 3. Nc3 Nf6 4. d4 cxd4 5. Nxd4 g6 6. Be3 Nc6 7. f3 h5 8. Qd2
Nxd4 9. Bxd4 Bh6 10. Be3 Bxe3 11. Qxe3 Be6 12. O-O-O Qa5 13. Bb5+ Kf8 14. a3
Rc8 15. Rd4 Rxc3 16. Qxc3 Qxb5 17. Rb4 Qg5+ 18. Qd2 Qxd2+ 19. Kxd2 b6 20. Ra4
a5 21. b4 Bd7 22. bxa5 Bxa4 23. axb6 Nd7 24. Rb1 Kg7 25. Rb4 Bc6 26. a4 Ra8 27.
Rc4 Bxa4 28. Rc7 Rb8 29. Rxd7 Bxd7 0-1

[Event "Brno Veletrh"]
[Site "?"]
[Date "2024.09.03"]
[Round "4"]
[White "Svagr, Daniel"]
[Black "Berdnikov, Tsyren"]
[Result "1-0"]
[WhiteElo "1752"]
[BlackElo "1422"]
[PlyCount "69"]
[EventDate "2024.09.??"]

1. d4 d5 2. c4 e6 3. g3 c5 4. Bg2 Nc6 5. Nf3 Nf6 6. O-O Bd6 7. b3 O-O 8. Bb2
Qb6 9. Nc3 dxc4 10. Na4 Qb5 11. dxc5 Be7 12. bxc4 Qxc4 13. e3 Rd8 14. Qb3 Na5
15. Qxc4 Nxc4 16. Bd4 Bd7 17. Nc3 Bc6 18. Rfc1 Bxf3 19. Bxf3 e5 20. Ne2 Nd2 21.
Bxb7 Rab8 22. c6 exd4 23. c7 Rxb7 24. cxd8=Q+ Bxd8 25. Rc8 Rd7 26. Nxd4 Kf8 27.
Nc6 Ke8 28. Rxd8+ Rxd8 29. Nxd8 Kxd8 30. Rd1 Nfe4 31. f3 Ke7 32. fxe4 Nxe4 33.
Kg2 Nc3 34. Rd2 Ne4 35. Rb2 1-0

[Event "Brno Veletrh"]
[Site "?"]
[Date "2024.09.03"]
[Round "4"]
[White "Slegl, Milan"]
[Black "Slavik, Miroslav"]
[Result "1-0"]
[WhiteElo "1699"]
[BlackElo "1468"]
[PlyCount "43"]
[EventDate "2024.09.??"]

1. d4 e6 2. Nf3 Nf6 3. Bg5 Be7 4. Nbd2 d5 5. e3 c5 6. dxc5 Bxc5 7. Bd3 Nc6 8.
c3 e5 9. Be2 Bf5 10. Qb3 Qd7 11. Bxf6 gxf6 12. Rd1 Be6 13. Qa4 Rg8 14. Ne4 Be7
15. Ng3 e4 16. Nxe4 Ne5 17. Qxd7+ Nxd7 18. Ng3 d4 19. Nxd4 Bd5 20. e4 Be6 21.
Nxe6 fxe6 22. Bb5 1-0

[Event "Brno Veletrh"]
[Site "?"]
[Date "2024.09.03"]
[Round "4"]
[White "Hlinka, Vit"]
[Black "Levchenko, Alisa"]
[Result "0-1"]
[WhiteElo "1101"]
[BlackElo "1638"]
[PlyCount "65"]
[EventDate "2024.09.??"]

1. e4 c6 2. d4 d5 3. exd5 cxd5 4. Bd3 Nf6 5. Nf3 Nc6 6. Nc3 Bg4 7. h3 Bxf3 8.
gxf3 Nxd4 9. Be3 Nc6 10. Nb5 a6 11. Nd4 e5 12. Nxc6 bxc6 13. Qe2 Be7 14. Bxa6
Qa5+ 15. Bd2 Qxa6 16. Qxe5 Qc8 17. O-O-O Qe6 18. Qc7 Qd6 19. Qb7 O-O 20. Rhe1
Nd7 21. Rxe7 Qxe7 22. Bb4 c5 23. Bxc5 Qxc5 24. Rxd5 Qxf2 25. Qxd7 Rxa2 26. Kb1
Ra7 27. Qd8 Qe1+ 28. Rd1 Rxd8 29. Rxe1 f6 30. c4 Rc7 31. b3 Rd3 32. Kc2 Rxf3
33. h4 0-1

[Event "Brno Veletrh"]
[Site "?"]
[Date "2024.09.03"]
[Round "4"]
[White "Kanovsky, Vladimir"]
[Black "Svabova, Klara"]
[Result "1-0"]
[WhiteElo "1578"]
[BlackElo "1220"]
[PlyCount "97"]
[EventDate "2024.09.??"]

1. e4 c5 2. Nc3 Nc6 3. Nf3 e6 4. Bb5 Nge7 5. O-O a6 6. Bxc6 Nxc6 7. d4 cxd4 8.
Nxd4 Bc5 9. Nxc6 bxc6 10. Qg4 O-O 11. e5 Re8 12. Ne4 f5 13. exf6 Bf8 14. Nd6
Qxf6 15. Nxe8 Qd8 16. Nxg7 Bxg7 17. Bh6 Qf8 18. Qxg7+ Qxg7 19. Bxg7 Kxg7 20.
Rad1 Rb8 21. b3 Rb5 22. f4 Rc5 23. c4 a5 24. Rfe1 a4 25. Re5 d5 26. cxd5 cxd5
27. bxa4 Rc4 28. g3 Rxa4 29. Rd2 Rc4 30. Ree2 Rc1+ 31. Kf2 Ra1 32. Re1 Rxe1 33.
Kxe1 Kf6 34. Kf2 Kf5 35. Kf3 h5 36. h3 e5 37. g4+ hxg4+ 38. hxg4+ Kf6 39. fxe5+
Kxe5 40. a4 Bb7 41. Re2+ Kf6 42. Kf4 Ba6 43. Rb2 Bc4 44. Rb6+ Ke7 45. Ke5 Kf7
46. a5 Ke7 47. a6 Be2 48. a7 Bxg4 49. a8=Q 1-0